[Event "RUS-chT B4 corr"]
[Site "Russia"]
[Date "1996.??.??"]
[Round "?"]
[White "Polovinkin, Sergey Veniaminovic"]
[Black "Turkov, Vladimir Sergeevich"]
[Result "1/2-1/2"]
[WhiteElo "2377"]
[BlackElo "2487"]
[PlyCount "76"]
[EventDate "1996.??.??"]
[EventType "team-tourn (corr)"]
[EventRounds "18"]
[EventCountry "RUS"]
[SourceTitle "Corr 2011"]
[Source "ChessBase"]
[SourceDate "2010.08.31"]
[SourceVersion "1"]
[SourceVersionDate "2010.08.31"]
[SourceQuality "1"]

1. d4 d5 2. c4 dxc4 3. Nf3 Nf6 4. e3 e6 5. Bxc4 c5 6. 0-0 a6 7. a4 cxd4 8. exd4 Nc6 9. Nc3 Be7 10. Re1 0-0 11. Bg5 h6 12. Bf4 Qa5 13. Qe2 Rd8 14. Rad1 Bb4 15. Qc2 Ne7 16. Be5 Nfd5 17. Nxd5 Nxd5 18. Re4 f5 19. Bxd5 Qxd5 20. Re3 Bd7 21. Ra1 Rac8 22. Qd1 Bc6 23. h4 Qd7 24. Ne1 Bd6 25. Bxd6 Qxd6 26. Nf3 Be4 27. Rc3 Rxc3 28. bxc3 Rc8 29. Rc1 Qf4 30. Ne5 Qxh4 31. Qd2 f4 32. f3 Bc6 33. Rb1 Qe7 34. Ng6 Qg5 35. Ne5 Qe7 36. Ng6 Qg5 37. Ne5 Qe7 38. Ng6 Qg5 1/2-1/2